000 00556cam a2200193 4500500
005 20260405003832.0
041 _afre
042 _adc
100 1 0 _aMaillard, Denis
_eauthor
245 0 0 _aLire entre les lignes
260 _c2024.
500 _a95
690 _aCulture
690 _aEurope
690 _aHeinz Wismann
690 _aTransmission
786 0 _nPhilosophie magazine | 178 | 4 | 2024-04-01 | p. 53-54 | 1951-1787
856 4 1 _uhttps://shs.cairn.info/magazine-philosophie-magazine-2024-4-page-53?lang=fr&redirect-ssocas=7080
999 _c2071307
_d2071307